Cẩm nang phòng trừ sâu bệnh hại cho rau
Giới thiệu những kiến thức cơ bản về việc phòng trừ sâu bệnh hại trên các loại cây rau.
שמור ב:
| מחבר ראשי: | |
|---|---|
| פורמט: | ספר |
| שפה: | Undetermined |
| יצא לאור: |
Hà Nội
Nông nghiệp
2016
|
| נושאים: | |
| תגים: |
הוספת תג
אין תגיות, היה/י הראשונ/ה לתייג את הרשומה!
|
| Thư viện lưu trữ: | Trung tâm Học liệu Trường Đại học Cần Thơ |
|---|
| LEADER | 00683nam a2200193Ia 4500 | ||
|---|---|---|---|
| 001 | CTU_224642 | ||
| 008 | 210402s9999 xx 000 0 und d | ||
| 082 | |a 635.4 | ||
| 082 | |b L312 | ||
| 100 | |a Phạm, Mỹ Linh | ||
| 245 | 0 | |a Cẩm nang phòng trừ sâu bệnh hại cho rau | |
| 245 | 0 | |c Phạm Mỹ Linh, Lê Thị Thủy | |
| 260 | |a Hà Nội | ||
| 260 | |b Nông nghiệp | ||
| 260 | |c 2016 | ||
| 520 | |a Giới thiệu những kiến thức cơ bản về việc phòng trừ sâu bệnh hại trên các loại cây rau. | ||
| 650 | |a Vegetables,Rau | ||
| 910 | |b nthai | ||
| 980 | |a Trung tâm Học liệu Trường Đại học Cần Thơ | ||